[Event "Mittelrhein Verbandsliga West 1920"]
[Site "Mittelrhein"]
[Date "2020.02.16"]
[Round "6.2"]
[White "Chraibi, Mohcine"]
[Black "Masic, Almir"]
[Result "1-0"]
[WhiteElo "1974"]
[BlackElo "1930"]
[PlyCount "26"]
[EventDate "2019.09.29"]
[EventType "team-tourn"]
[EventRounds "9"]
[EventCountry "GER"]
[SourceTitle "EXT 2023"]
[Source "ChessBase"]
[SourceDate "2022.10.05"]
[SourceVersion "1"]
[SourceVersionDate "2022.10.05"]
[SourceQuality "1"]
[WhiteTeam "Lendersdorf"]
[BlackTeam "Aachen SV III"]
[WhiteTeamCountry "GER"]
[BlackTeamCountry "GER"]

1. e4 c5 2. Nf3 e6 3. d3 d5 4. Nbd2 Nc6 5. g3 Bd6 6. Bg2 Nge7 7. 0-0 0-0 8. Re1 Qc7 9. Nf1 b5 10. h4 d4 11. e5 Nxe5 12. Nxe5 Bxe5 13. Bxa8 Nd5 1-0

[Event "Regionalliga Mittelrhein 1213"]
[Site "Germany"]
[Date "2012.12.02"]
[Round "5.4"]
[White "Roski, Ferdinand"]
[Black "Masic, Almir"]
[Result "1/2-1/2"]
[WhiteElo "2176"]
[BlackElo "1975"]
[PlyCount "102"]
[EventDate "2012.09.09"]
[EventType "team"]
[EventRounds "11"]
[EventCountry "GER"]
[SourceTitle "EXT 2015"]
[Source "ChessBase"]
[SourceDate "2014.11.20"]
[SourceVersion "1"]
[SourceVersionDate "2014.11.20"]
[SourceQuality "1"]
[WhiteTeam "Godesberg II"]
[BlackTeam "Wuerselen"]
[WhiteTeamCountry "GER"]
[BlackTeamCountry "GER"]

1. Nf3 e6 2. c4 Nf6 3. Nc3 d5 4. cxd5 exd5 5. g3 d4 6. Nb1 c5 7. d3 Nc6 8. Bg2 Be7 9. 0-0 0-0 10. Na3 Be6 11. Bd2 Rc8 12. Nc2 b5 13. Qe1 a5 14. b3 h6 15. h3 Qd7 16. Kh2 b4 17. Rd1 a4 18. Rb1 Ra8 19. Qd1 axb3 20. axb3 Ra2 21. e3 dxe3 22. Bxe3 Bf5 23. Nce1 Nd5 24. Bd2 Bf6 25. Rc1 Nc3 26. Bxc3 Bxc3 27. Nh4 Be6 28. f4 Bxh3 29. Rc2 Ra1 30. Rc1 Bg4 31. Nef3 Rxc1 32. Qxc1 Qxd3 33. Rd1 Qe2 34. Rd6 Bxf3 35. Nxf3 Nd4 36. Nxd4 cxd4 37. Qb1 Re8 38. Qf5 Qe7 39. Rd5 Qe6 40. Re5 Qc8 41. Bd5 Qxf5 42. Rxe8+ Kh7 43. Be4 Qxe4 44. Rxe4 d3 45. Re7 d2 46. Rd7 h5 47. Kg2 Kg6 48. Rd6+ Kf5 49. Kf3 g6 50. Rd5+ Ke6 51. Rd3 f5 1/2-1/2

[Event "Mittelrhein-chT 1112"]
[Site "Germany"]
[Date "2012.05.20"]
[Round "13.4"]
[White "Masic, Almir"]
[Black "Romaker, Johann"]
[Result "0-1"]
[WhiteElo "2006"]
[BlackElo "1967"]
[PlyCount "46"]
[EventDate "2011.09.11"]
[EventType "team-tourn"]
[EventRounds "13"]
[EventCountry "GER"]
[SourceTitle "EXT 2013"]
[Source "ChessBase"]
[SourceDate "2012.11.22"]
[SourceVersion "1"]
[SourceVersionDate "2012.11.22"]
[SourceQuality "1"]
[WhiteTeam "Wuerselen"]
[BlackTeam "Bruehl II"]
[WhiteTeamCountry "GER"]
[BlackTeamCountry "GER"]

1. c4 Nf6 2. g3 e5 3. Bg2 c6 4. d4 Bb4+ 5. Nc3 Qa5 6. Qd2 e4 7. Qc2 d5 8. Bg5 Nbd7 9. Nh3 h6 10. Bd2 Nb6 11. c5 Nc4 12. 0-0 0-0 13. a3 Bxc3 14. Bxc3 Qc7 15. b3 Na5 16. Bb4 Re8 17. Rae1 Bd7 18. Qc3 b6 19. f3 Nb7 20. a4 Rac8 21. Nf2 exf3 22. Bxf3 bxc5 23. dxc5 Qe5 0-1

[Event "Mittelrhein-chT 1112"]
[Site "Germany"]
[Date "2012.04.15"]
[Round "11.5"]
[White "Broehl, Stephan"]
[Black "Masic, Almir"]
[Result "1-0"]
[WhiteElo "2048"]
[BlackElo "2006"]
[PlyCount "57"]
[EventDate "2011.09.11"]
[EventType "team-tourn"]
[EventRounds "13"]
[EventCountry "GER"]
[SourceTitle "EXT 2013"]
[Source "ChessBase"]
[SourceDate "2012.11.22"]
[SourceVersion "1"]
[SourceVersionDate "2012.11.22"]
[SourceQuality "1"]
[WhiteTeam "Godesberg II"]
[BlackTeam "Wuerselen"]
[WhiteTeamCountry "GER"]
[BlackTeamCountry "GER"]

1. e4 c5 2. Nf3 e6 3. Nc3 a6 4. d4 b5 5. d5 Bb7 6. Bg5 Qb6 7. Be2 Ne7 8. a4 exd5 9. Bxe7 Bxe7 10. Nxd5 Qa5+ 11. c3 b4 12. 0-0 Nc6 13. Bc4 Qd8 14. Re1 0-0 15. Qd2 Re8 16. Qf4 d6 17. Rad1 Na5 18. Bf1 bxc3 19. bxc3 Bc6 20. Nxe7+ Qxe7 21. Rxd6 Qb7 22. Ne5 Bxa4 23. Ra1 Qe7 24. Qxf7+ Qxf7 25. Nxf7 Rxe4 26. Ng5 Rg4 27. Rd5 Bc6 28. Re5 Nc4 29. Rxc5 1-0